Normal view
MARC view
- الشيرزي، عبد الرحمن بن نصر ؛ تحقيق ومراجعة السيد الباز العريني
Entry Personal Name
001 - CONTROL NUMBER
- control field: 35583
003 - CONTROL NUMBER IDENTIFIER
- control field: JO-AjAnu
005 - DATE AND TIME OF LATEST TRANSACTION
- control field: 20230606075941.0
008 - FIXED-LENGTH DATA ELEMENTS
- fixed length control field: 230606|| aca||aabn | a|a d
040 ## - CATALOGING SOURCE
- Original cataloging agency: JO-AjAnu
- Transcribing agency: JO-AjAnu
100 ## - HEADING--PERSONAL NAME
- Personal name: الشيرزي، عبد الرحمن بن نصر ؛ تحقيق ومراجعة السيد الباز العريني
670 ## - SOURCE DATA FOUND
- Source citation: Work cat.: (JO-AjAnu)18273: الشيرزي، عبد الرحمن بن نصر ؛ تحقيق ومراجعة السيد الباز العريني, author, كتاب نهاية الرتبة في طلب الحسبة